| 000 | 00613nam a2200205Ia 4500 | ||
|---|---|---|---|
| 999 |
_c35578 _d35578 |
||
| 003 | GCL | ||
| 005 | 20240530102938.0 | ||
| 008 | 140319s9999 xx 000 0 ara d | ||
| 040 |
_aGCL / _cGCL |
||
| 082 | 0 | 4 |
_a141.4 _bع م |
| 100 | _aعبدالله العروى | ||
| 245 | 1 | 0 |
_aمفهوم الحرية _cعبدالله العروى |
| 260 |
_a[S.N] : _bالمركز الثقافى العربى ، _c1993 |
||
| 300 | _a115 ص | ||
| 650 | 0 | 4 | _aالعلوم الاجتماعية |
| 650 | 0 | 4 | _aالحرية |
| 650 | 0 | 4 | _aالليبرالية |
| 650 | 0 | 4 | _aالفلسفة الالمانية |
| 942 |
_2ddc _cBK |
||